Statistiques concernant Vocabulaire anglais Money and finances

Cliquez ici pour prendre le quiz!

Statistiques générales

  • Ce quiz a été pris 28 fois
  • Le résultat moyen est 5 sur 20

Statistiques - réponses

HintRéponse% Correct
to invest moneyinvestir de l'argent
100%
to lend moneyprêter de l'argent
100%
to be seized one's credit card / one's chequebookse faire saisir / confisquer sa carte de crédit / son chéquier
100%
to run into debtss'endetter
100%
wages / A salaryun salaire
86%
to spend moneydépenser de l'argent
75%
to borrow moneyemprunter de l'argent
75%
the purchasing powerle pouvoir d'achat
75%
to refund / to repayrembourser
75%
a current accountun compte courant
75%
a wallet / a pruseun portefeuille / un porte-monnaie
75%
an interest rateun taux d'intérêt
75%
a coinune pièce
67%
an account numberun numéro de compte
67%
an incomeun revenu
67%
an amount of money / A sum of moneyune somme d'argent
60%
a bank transferun virement bancaire
60%
to manage to make ends meetarriver à joindre les 2 bouts
50%
to earn a good living / to make good moneybien gagner sa vie
50%
cashdes espèces / de l'argent liquide
50%
to cashencaisser
50%
to be short of moneyêtre à court d'argent
50%
to make a good dealfaire une bonne affaire
50%
to put money asidemettre de l'argent de côté
50%
a bank clerkun employé de banque
50%
a bank statementun relevé de compte
50%
taxesles impôts
40%
how much is left in my accountcombien reste-t-il sur mon compte
33%
bank commissionsdes frais de commissions
33%
To chargefaire payer, facturer
33%
to earn moneygagner de l'argent
33%
to managese débrouiller
33%
a piggy bank / a money boxune tirelire
33%
overdraft chargesdes agios
25%
to spread a repaymentétaler un remboursement
25%
to earn one's living bygagner sa vie en
25%
the currencyla monnaie
25%
the standard of livingle niveau de vie
25%
a cash machine / a cash dispenser / a cash point/ an ATMun distributeur automatique
25%
a bargainune bonne affaire
25%
a loanun emprunt, un prêt
25%
a position / a windowun guichet
25%
to save moneyéconomiser de l'argent
20%
to be broke / to be skintêtre fauché
20%
to keep the changegarde la monnaie
20%
a saving accountun compte d'épargne
20%
to meet expensescouvrir les dépenses
17%
to pay in onstalmentspayer en plusieurs fois
17%
the carholderle titulaire d'une carte de crédit
14%
a depositun accompte, des arrhes
14%
to be overdrawn / to be in the redêtre à découvert
13%
to grantaccorder
0%
to splash out on somethingcasser sa tirelire pour payer quelque chose
0%
to go on a shopping spree / to spend lavishlyclaqueer son argent, dépenser sans compter, avoir la fièvre acheteuse
0%
to allocate a budget forconsacrer un budget pour
0%
sharesdes actions
0%
unforseen expensesdes dépenses imprévues
0%
overdraft facilitiesdes facultés de découvert, une autorisation de découvert
0%
Feesdes frais
0%
bank chargesdes frais bancaires
0%
administrative fees, handling feesdes frais de dossier
0%
to owe moneydevoir de l'argent
0%
to be in the blackêtre créditeur
0%
to give somebody changefaire la money à quelqu'un
0%
to shop at Xfaire ses courses chez X
0%
the inland revenue / the internal revenue servicele fisc
0%
Expensesles dépenses, les coûts de la vie quotidienne
0%
The balancele solde
0%
the income taxl'impôt sur le revenu
0%
to fit the budget / to be within the budgetne pas dépasser le budget
0%
late payment penaltypénalité de retard
0%
to debitprélever de l'argent
0%
miserlyradin
0%
to cut down on expensesrduire les dépenses
0%
to withdraw money fromretirer de l'argent à / de
0%
to raise moneyréunir des finds, collecter de l'argent
0%
to get oneself out of a situationse sortir d'une situation
0%
To affords'offrir, se payer / se permettre, avoir les moyens
0%
to track one's expensessuivre ses dépenses
0%
to keep one's own accountstenir sa compatibilité
0%
to slavetrimer
0%
a quote / An estimationun devis
0%
a branchune agence
0%
a note / a billune billet
0%
A bill/An invoiceune facture
0%
a discountune ristourne, une réduction
0%
petty cashun fonds de caisse
0%
a direct debitun prélèvement automatique
0%
a receiptun ticket de caisse
0%
to deposit money, to pay in moneyverser de l'argent
0%
to live beyond one's meansvivre au-dessus de ses moyens
0%

Distribution des résultats

Percentile par nombre de réponses

% des personnes avec chaque résultat

Votre développement - résultats

Vous n’avez pas pris ce quiz